000 00312nam a22001337a 4500
020 _a9788170355427
082 _a664.092
_bKHE/FO
100 _aKhetarpaul, Neelam
245 _aFood packaging
260 _aNew Delhi
_bDaya Publishing House
_c2012
300 _aix+328p
700 _aPunia, Darshan
942 _cBK
999 _c13768
_d13768